000 00378nam a22001457a 4500
003 MACL
005 20171102125218.0
008 171102b xxu||||| |||| 00| 0 eng d
040 _cMACL
100 _aSyed Ramsey
_969362
245 _aTool of War:History of Weapons in Medieval Times
260 _bAlpha Editions
_c2016
650 _aMilitary Science
_969363
942 _2ddc
_cBK
999 _c57116
_d57116